[Event "4NCL-9899B IK2-SL2"]
[Site "Rd6-Birmingham"]
[Date "1999.01.24"]
[Round "6.2"]
[White "Smith, Andrew P"]
[Black "Farndon, David"]
[Result "1/2-1/2"]
[WhiteElo "2290"]
[BlackElo "2263"]
[PlyCount "72"]
[EventDate "1999.01.24"]

1. e4 c5 2. Nf3 Nc6 3. d4 cxd4 4. Nxd4 g6 5. Nc3 Bg7 6. Be3 Nf6 7. Bc4 Qa5 8.
O-O O-O 9. Bb3 d6 10. h3 Bd7 11. f4 Nxd4 12. Bxd4 Bc6 13. f5 Rae8 14. Qd3 Nd7
15. Bxg7 Kxg7 16. Rad1 Qe5 17. Bd5 Nf6 18. Rde1 Rc8 19. Qd2 b5 20. Bxc6 Rxc6
21. Rf4 b4 22. Nd5 Nxd5 23. exd5 Rxc2 24. Rxe5 Rxd2 25. Rxe7 a5 26. fxg6 hxg6
27. a3 bxa3 28. bxa3 Rxd5 29. Ra7 Rc5 {(Draw offer)} 30. Ra4 Rb8 31. R7xa5 Rb1+
32. Kh2 Rc2 33. Rd5 Rbb2 34. Rg4 Rd2 35. Rdd4 Kf6 36. a4 Ke6 1/2-1/2

[Event "4NCL-9899B IK2-SL2"]
[Site "Rd6-Birmingham"]
[Date "1999.01.24"]
[Round "6.3"]
[White "Cooper, Andrew G"]
[Black "Richmond, Robert"]
[Result "1-0"]
[WhiteElo "2145"]
[BlackElo "2112"]
[PlyCount "93"]
[EventDate "1999.01.24"]

1. d4 Nf6 2. c4 c5 3. d5 e5 4. Nc3 d6 5. e4 Be7 6. Be2 a6 7. Nf3 Nbd7 8. O-O
O-O 9. a3 Ne8 10. Ne1 g6 11. Nd3 f5 12. f3 f4 13. Rb1 Ndf6 14. b4 b6 15. bxc5
bxc5 16. Bd2 Bd7 17. Qb3 Ng7 18. Na4 Bxa4 19. Qxa4 Qe8 20. Bd1 Qxa4 21. Bxa4
Rab8 22. Ba5 Rfc8 23. Bb6 Bd8 24. Ba7 Ra8 25. Rb7 Rc7 26. Rfb1 Rxa7 27. Rxa7
Rxa7 28. Rb8 Kf7 29. Rxd8 Nge8 30. Bc6 Ke7 31. Rc8 Nd7 32. Nb2 Nef6 33. Na4 Ne8
34. Kf1 Nef6 35. Ke2 Ne8 36. Kd3 Nef6 37. Kc2 g5 38. Bxd7 Rxd7 39. Rc6 Rb7 40.
Rxa6 g4 41. Nb6 gxf3 42. gxf3 Ne8 43. a4 Nc7 44. Nc8+ Kd7 45. Nxd6 Rb4 46. Rc6
Ne6 47. dxe6+ 1-0

[Event "4NCL-9899B IK2-SL2"]
[Site "Rd6-Birmingham"]
[Date "1999.01.24"]
[Round "6.4"]
[White "De Coverly, Roger"]
[Black "Gurr, Lyndon"]
[Result "1/2-1/2"]
[WhiteElo "2110"]
[BlackElo "2120"]
[PlyCount "83"]
[EventDate "1999.01.24"]

1. d4 Nf6 2. Bg5 c5 3. d5 d6 4. Nc3 h6 5. Bf4 g6 6. e4 Bg7 7. Nf3 Nbd7 8. Be2
a6 9. a4 Qc7 10. h3 b6 11. O-O O-O 12. Re1 Bb7 13. Bf1 Rfe8 14. Qd2 Kh7 15.
Rad1 Ng8 16. h4 Rad8 17. Bc4 Ne5 18. Nxe5 dxe5 19. Be3 e6 20. Qe2 exd5 21. Nxd5
Bxd5 22. Bxd5 a5 23. Qc4 Rd7 24. Rd3 Nf6 25. Red1 Red8 26. Bxf7 Rxd3 27. Rxd3
Rxd3 28. cxd3 Qd6 29. h5 Nxh5 30. Bg8+ Kh8 31. Qe6 Qxe6 32. Bxe6 Nf4 33. Bc4
Ne2+ 34. Kh2 Bf8 35. g3 Kg7 36. f4 Bd6 37. f5 gxf5 38. exf5 e4 39. dxe4 Nxg3
40. Kg2 Nxe4 41. Kf3 Ng5+ 42. Bxg5 1/2-1/2

[Event "4NCL-9899B IK2-SL2"]
[Site "Rd6-Birmingham"]
[Date "1999.01.24"]
[Round "6.5"]
[White "Richards, Heather"]
[Black "Mashayekh, Majid"]
[Result "1-0"]
[WhiteElo "2085"]
[BlackElo "2065"]
[PlyCount "77"]
[EventDate "1999.01.24"]

1. e4 c5 2. c3 Nf6 3. e5 Nd5 4. Nf3 e6 5. d4 cxd4 6. cxd4 d6 7. a3 Be7 8. Bd3
Nc6 9. O-O dxe5 10. dxe5 Qc7 11. Qe2 Bd7 12. Bd2 Rc8 13. Nc3 Nxc3 14. Bxc3 a5
15. Rac1 Qb6 16. Rfd1 Rd8 17. Nd2 g6 18. Ne4 h6 19. Qd2 Qa7 20. Qf4 Kf8 21. Nd6
Be8 22. Bxg6 Bg5 23. Qf3 b5 24. Nxe8 Rxe8 25. Qxc6 fxg6 26. Rd7 Qa8 27. Qc7 Be7
28. Rcd1 Rc8 29. Qb6 Qc6 30. Qe3 Rh7 31. Qf4+ Kg8 32. Qg4 b4 33. axb4 axb4 34.
R1d6 Bxd6 35. Qxe6+ Kh8 36. Qf6+ Kg8 37. Qxg6+ Kf8 38. Qxh7 Qxd7 39. Qxd7 1-0

[Event "4NCL-9899B IK2-SL2"]
[Site "Rd6-Birmingham"]
[Date "1999.01.24"]
[Round "6.6"]
[White "Crichton, Martin"]
[Black "Taylor, Martin"]
[Result "1/2-1/2"]
[WhiteElo "2030"]
[BlackElo "2070"]
[PlyCount "24"]
[EventDate "1999.01.24"]

1. e4 e5 2. Nf3 Nc6 3. d4 exd4 4. Bc4 Bc5 5. O-O d6 6. c3 Nf6 7. cxd4 Bb6 8.
Nc3 Bg4 9. d5 Nd4 10. Qa4+ Bd7 11. Qd1 Bg4 12. Qa4+ Bd7 1/2-1/2

[Event "4NCL-9899B IK2-SL2"]
[Site "Rd6-Birmingham"]
[Date "1999.01.24"]
[Round "6.7"]
[White "Lock, Gavin"]
[Black "Armstrong, Malcolm"]
[Result "0-1"]
[WhiteElo "2113"]
[BlackElo "1976"]
[PlyCount "56"]
[EventDate "1999.01.24"]

1. e4 c6 2. d4 d5 3. f3 e6 4. Nc3 Nf6 5. e5 Nfd7 6. f4 c5 7. Nf3 Nc6 8. Be3
cxd4 9. Nxd4 Bb4 10. Bd3 Nxd4 11. Bxd4 Nc5 12. Qg4 Nxd3+ 13. cxd3 g6 14. O-O-O
Bd7 15. Kb1 Qa5 16. Rc1 Rc8 17. h4 h5 18. Qf3 Rc6 19. g4 Kd8 20. Ne2 Kc8 21.
Ng3 hxg4 22. Qxg4 Kb8 23. Rxc6 Bxc6 24. h5 Bb5 25. h6 Bxd3+ 26. Ka1 Bc4 27. a3
Bxa3 28. h7 Bb4+ 0-1

[Event "4NCL-9899B IK2-SL2"]
[Site "Rd6-Birmingham"]
[Date "1999.01.24"]
[Round "6.8"]
[White "Ghasi, Ameet"]
[Black "Noakes, Matthew"]
[Result "1/2-1/2"]
[WhiteElo "1848"]
[BlackElo "2016"]
[PlyCount "77"]
[EventDate "1999.01.24"]

1. Nf3 Nf6 2. d4 e6 3. Bg5 c5 4. c3 cxd4 5. cxd4 Qa5+ 6. Nc3 Ne4 7. Bd2 Nxd2 8.
Qxd2 d5 9. e3 Nc6 10. Bd3 Bd6 11. O-O a6 12. a3 Qd8 13. b4 b5 14. Rac1 Bb7 15.
e4 dxe4 16. Bxe4 Rc8 17. Rfd1 O-O 18. Qe3 Qb6 19. Bd3 Ne7 20. Ne5 Bxe5 21. Qxe5
Ng6 22. Qe3 Rfd8 23. Bb1 Rc4 24. Ne2 Rdc8 25. Bd3 Rxc1 26. Rxc1 Rxc1+ 27. Qxc1
Qc6 28. Qxc6 Bxc6 29. f3 Ne7 30. Kf2 g6 31. Nc3 f5 32. Ke3 Kf7 33. Bb1 Nd5+ 34.
Nxd5 Bxd5 35. g3 Kf6 36. f4 Ke7 37. Bc2 Kd6 38. Kd2 Bc4 39. Bd1 1/2-1/2

[Event "4NCL-9899B KH-BIG2"]
[Site "Rd6-Birmingham"]
[Date "1999.01.24"]
[Round "6.1"]
[White "Thomas, Richard H"]
[Black "Mason, Don"]
[Result "1/2-1/2"]
[WhiteElo "2295"]
[BlackElo "2295"]
[PlyCount "82"]
[EventDate "1999.01.24"]

1. c4 Nf6 2. Nc3 e5 3. g3 c6 4. Nf3 e4 5. Nd4 Qb6 6. Nc2 d5 7. cxd5 Bc5 8. Ne3
cxd5 9. Na4 Qd6 10. Nxc5 Qxc5 11. Bg2 Nc6 12. a3 d4 13. b4 Qh5 14. Nc4 O-O 15.
O-O Bh3 16. Bb2 Ng4 17. f3 exf3 18. exf3 Bxg2 19. fxg4 Qh3 20. Rf2 Bd5 21. b5
f5 22. bxc6 fxg4 23. Qf1 Rxf2 24. Qxh3 gxh3 25. Kxf2 Rf8+ 26. Kg1 Bxc4 27. cxb7
Rb8 28. Rc1 Rxb7 29. Bxd4 Bd3 30. Kf2 Kf7 31. Ke3 Bf5 32. Kf4 g6 33. g4 Be6 34.
Kg3 Rb3+ 35. Rc3 Rxc3+ 36. dxc3 a6 37. Kf4 Ke7 38. Bc5+ Kd7 39. g5 Kc6 40. Ke5
Bf5 41. Kd4 Bc8 1/2-1/2

[Event "4NCL-9899B KH-BIG2"]
[Site "Rd6-Birmingham"]
[Date "1999.01.24"]
[Round "6.2"]
[White "Dighton, Simon"]
[Black "McMichael, Rick"]
[Result "1/2-1/2"]
[WhiteElo "2235"]
[BlackElo "2255"]
[PlyCount "101"]
[EventDate "1999.01.24"]

1. e4 e6 2. d4 d5 3. Nd2 dxe4 4. Nxe4 Bd7 5. Nf3 Bc6 6. Bd3 Nd7 7. O-O Ngf6 8.
Nxf6+ Nxf6 9. c3 Be7 10. Ne5 Qd5 11. Nxc6 Qxc6 12. Qe2 O-O-O 13. Bf4 Bd6 14.
Bxd6 Qxd6 15. Rad1 h5 16. Rfe1 Ng4 17. g3 Rh6 18. h3 Nf6 19. Qe5 Qf8 20. h4 Ng4
21. Qa5 Kb8 22. Be4 Qd6 23. Bf3 Rf6 24. Qxh5 Nh6 25. Bg2 Rf5 26. Qe2 c6 27. Bh3
Rd5 28. Bg2 Ra5 29. b4 Rf5 30. Be4 Rf6 31. b5 cxb5 32. Qxb5 Qc7 33. Rb1 b6 34.
a4 Ng4 35. Qc6 Qxc6 36. Bxc6 Nxf2 37. Bg2 Kc7 38. a5 Rb8 39. axb6+ Rxb6 40.
Rxb6 axb6 41. Ra1 b5 42. Rb1 Rf5 43. Rf1 Ng4 44. Rxf5 exf5 45. Bd5 f6 46. Be6
Ne3 47. Kf2 Nd1+ 48. Kf3 Nxc3 49. Bxf5 Kd6 50. Ke3 Nd5+ 51. Kd3 1/2-1/2

[Event "4NCL-9899B KH-BIG2"]
[Site "Rd6-Birmingham"]
[Date "1999.01.24"]
[Round "6.3"]
[White "O'Shaughnessy, Conor"]
[Black "Thomas, Nick"]
[Result "0-1"]
[WhiteElo "2190"]
[BlackElo "2225"]
[PlyCount "54"]
[EventDate "1999.01.24"]

1. e4 e6 2. d4 d5 3. Nd2 Nc6 4. Ngf3 Nf6 5. e5 Nd7 6. c3 f6 7. exf6 Qxf6 8. Bd3
e5 9. dxe5 Ndxe5 10. Nxe5 Qxe5+ 11. Qe2 Bg4 12. Qxe5+ Nxe5 13. Be2 Bxe2 14.
Kxe2 Bd6 15. Nb3 O-O 16. Be3 Nc4 17. Rhd1 c6 18. Rab1 Nxe3 19. fxe3 Bxh2 20.
Na5 Rf7 21. Rf1 Re7 22. Rf3 Be5 23. Rbf1 Rae8 24. Kd2 Bf6 25. Nb3 Bg5 26. Re1
g6 27. Rg3 Bh4 0-1

[Event "4NCL-9899B KH-BIG2"]
[Site "Rd6-Birmingham"]
[Date "1999.01.24"]
[Round "6.4"]
[White "Regan, Natasha"]
[Black "Okike, David"]
[Result "1-0"]
[WhiteElo "2151"]
[BlackElo "2145"]
[PlyCount "179"]
[EventDate "1999.01.24"]

1. e4 e6 2. d4 d5 3. Nc3 Nf6 4. Bg5 dxe4 5. Nxe4 Be7 6. Bxf6 gxf6 7. Nf3 f5 8.
Ng3 h5 9. h4 c6 10. Be2 Nd7 11. Qd2 Nf6 12. Ne5 Ng4 13. Bf3 Bd7 14. Nxd7 Qxd7
15. Ne2 O-O-O 16. g3 Qc7 17. Bg2 Bf6 18. c3 Bg7 19. Qf4 Qb6 20. O-O Qc7 21. b4
Qxf4 22. Nxf4 Bh6 23. Ne2 Rhg8 24. a4 f4 25. Kh1 Rg7 26. b5 Kc7 27. bxc6 bxc6
28. Rab1 fxg3 29. fxg3 Be3 30. Bf3 f5 31. Bxg4 Rxg4 32. Rf3 Bh6 33. c4 Re4 34.
Rb2 Rb8 35. Rc2 Rb4 36. d5 Kd6 37. c5+ Kd7 38. dxe6+ Kxe6 39. Rd3 Bf8 40. Nf4+
Rxf4 41. gxf4 Rxf4 42. Re3+ Kf6 43. Re8 Rxh4+ 44. Kg2 Rg4+ 45. Kh3 Bh6 46. Rc8
Be3 47. Rxc6+ Ke5 48. Rc8 Rg7 49. c6 Bb6 50. Re8+ Kd5 51. Rf8 Ke4 52. Kh4 f4 {
(Draw offer)} 53. Rc4+ Kd5 54. Rfxf4 Rc7 55. Rc2 Rxc6 56. Rf5+ Ke4 57. Rxc6
Kxf5 58. a5 Bf2+ 59. Kxh5 Ke5 60. Kg6 Kd5 61. Rc2 Bc5 62. Kf5 Bb4 63. a6 Bc5
64. Rd2+ Kc6 65. Ke6 Kb5 66. Kd5 Bb6 67. Ra2 Bg1 68. Kd6 Bb6 69. Kd7 Ba5 70.
Rb2+ Kc5 71. Kc8 Kc6 72. Kb8 Bb6 73. Rc2+ Kd7 74. Kb7 Be3 75. Rc3 Bb6 76. Rd3+
Ke7 77. Kc6 Bf2 78. Rd7+ Ke8 79. Rg7 Bb6 80. Kd6 Bd4 81. Rg8+ Kf7 82. Rg4 Be3
83. Kd7 Kf6 84. Re4 Bc5 85. Re6+ Kf5 86. Re2 Bd4 87. Kc6 Bb6 88. Kb7 Kf6 89.
Ka8 Kf7 90. Rb2 1-0

[Event "4NCL-9899B KH-BIG2"]
[Site "Rd6-Birmingham"]
[Date "1999.01.24"]
[Round "6.6"]
[White "Hadzimanolis, Antonis"]
[Black "Pearce, Robin"]
[Result "1-0"]
[WhiteElo "2190"]
[BlackElo "2170"]
[PlyCount "75"]
[EventDate "1999.01.24"]

1. e4 c5 2. c3 Nf6 3. e5 Nd5 4. d4 cxd4 5. Nf3 e6 6. cxd4 b6 7. Nc3 Ba6 8. Bxa6
Nxa6 9. Nxd5 exd5 10. O-O Be7 11. Bf4 O-O 12. Rc1 Nc7 13. Qb3 d6 14. Rc3 Ne6
15. Bg3 dxe5 16. Bxe5 Qd7 17. Rfc1 Rfc8 18. h3 Rxc3 19. Qxc3 h6 20. Rc2 Rd8 {
(Draw offer)} 21. Qd3 Qb7 22. Qb5 Bd6 23. Bxd6 Rxd6 24. Qe8+ Kh7 25. Rc8 Kg6
26. Rb8 Qc7 27. Rc8 Qb7 28. Ne5+ Kf6 29. Rc3 Nxd4 30. Ng4+ Kg6 31. Qe5 Nb5 32.
Rg3 Kh7 33. Nxh6 Rg6 34. Nf5 Rxg3 35. fxg3 f6 36. Qe8 d4 37. Ne7 Qe4 38. Qh5#
1-0

[Event "4NCL-9899B KH-BIG2"]
[Site "Rd6-Birmingham"]
[Date "1999.01.24"]
[Round "6.7"]
[White "Gilfillan, Andrew"]
[Black "Cast, Jason"]
[Result "1-0"]
[WhiteElo "2032"]
[BlackElo "1808"]
[PlyCount "71"]
[EventDate "1999.01.24"]

1. e4 e5 2. Nf3 Nc6 3. Bc4 Nf6 4. d3 Bc5 5. c3 d6 6. b4 Bb6 7. O-O Bg4 8. h3
Bh5 9. Nbd2 Qd7 10. a4 a5 11. Bb5 axb4 12. cxb4 O-O 13. Bb2 Qc8 14. Bxc6 bxc6
15. Qc2 Ra6 16. a5 Ba7 17. d4 exd4 18. Nxd4 Bxd4 19. Bxd4 Qe6 20. Rfe1 Nd7 21.
Qd3 Raa8 22. g4 Bg6 23. f4 Ne5 24. fxe5 dxe5 25. Bc5 Rfd8 26. Qe2 Rd7 27. a6 h5
28. Nf1 hxg4 29. hxg4 Bh7 30. Red1 g6 31. Rxd7 Qxd7 32. a7 f5 33. exf5 gxf5 34.
Qxe5 fxg4 35. Bd4 Bd3 36. Qh8+ 1-0

[Event "4NCL-9899B NID-GD"]
[Site "Rd6-Birmingham"]
[Date "1999.01.24"]
[Round "6.1"]
[White "Williams, Leighton"]
[Black "Varley, Peter"]
[Result "1-0"]
[WhiteElo "2285"]
[BlackElo "2273"]
[PlyCount "89"]
[EventDate "1999.01.24"]

1. c4 Nf6 2. Nc3 d5 3. cxd5 Nxd5 4. e4 Nxc3 5. bxc3 g6 6. Bb5+ Bd7 7. Bc4 Bg7
8. Qf3 O-O 9. h4 Nc6 10. d4 Na5 11. Bd3 h5 12. Ne2 c5 13. d5 Qe8 14. Bf4 Bg4
15. Qe3 Qa4 16. e5 c4 17. Be4 Nb3 18. Rd1 Qxa2 19. f3 Bd7 20. Bh6 f5 21. Bb1
Qa5 22. Qg5 Bxh6 23. Qxh6 Be8 24. g4 Qc7 25. gxf5 Qxe5 26. fxg6 Qg7 27. Qxh5
Rd8 28. Qg4 Rd6 29. h5 Bd7 30. Qxc4 Na5 31. Qc5 b6 32. Qe3 Nc4 33. Qe4 Ne5 34.
Nd4 Nxf3+ 35. Nxf3 Qxc3+ 36. Ke2 Bb5+ 37. Bd3 Qc2+ 38. Rd2 Qc5 39. g7 Bxd3+ 40.
Rxd3 Rff6 41. Rg1 Rh6 42. Qf4 Qc2+ 43. Rd2 Qc8 44. Ne5 Qe8 45. Qf7+ 1-0

[Event "4NCL-9899B NID-GD"]
[Site "Rd6-Birmingham"]
[Date "1999.01.24"]
[Round "6.2"]
[White "Borg, Andy"]
[Black "Fish, Andrew"]
[Result "1/2-1/2"]
[WhiteElo "2150"]
[BlackElo "2115"]
[PlyCount "28"]
[EventDate "1999.01.24"]

1. d4 g6 2. c4 Bg7 3. Nc3 c5 4. Nf3 cxd4 5. Nxd4 Nc6 6. Nxc6 bxc6 7. e4 d6 8.
Be2 Nf6 9. O-O O-O 10. Be3 Bb7 11. Qd2 Qc8 12. Bh6 Rd8 13. Bxg7 Kxg7 14. f4 d5
1/2-1/2

[Event "4NCL-9899B NID-GD"]
[Site "Rd6-Birmingham"]
[Date "1999.01.24"]
[Round "6.3"]
[White "Musson, Adam"]
[Black "Heymann, Ulrike"]
[Result "1-0"]
[WhiteElo "2085"]
[BlackElo "2115"]
[PlyCount "77"]
[EventDate "1999.01.24"]

1. e4 d6 2. d4 Nf6 3. Nc3 g6 4. Be3 c6 5. f3 Qc7 6. Bc4 b5 7. Bb3 Nbd7 8. Qd2
Rb8 9. Nge2 Bg7 10. a3 O-O 11. h4 h5 12. g4 c5 13. Nf4 c4 14. Ba2 hxg4 15. h5
Nxh5 16. Nxh5 gxh5 17. Bh6 f6 18. Rxh5 Nb6 19. Bxg7 Kxg7 20. Nxb5 Qb7 21. O-O-O
Bd7 22. Rdh1 Kf7 23. fxg4 Bxb5 24. Rxb5 Qxe4 25. Rbh5 Rg8 26. a4 a5 27. Re1
Qxg4 28. Rb5 d5 29. Qxa5 Qh4 30. Rxd5 Rg2 31. Rb5 Qxd4 32. Qb4 e6 33. Bxc4 Nxc4
34. Rxb8 Qf4+ 35. Kb1 Nd2+ 36. Ka2 Qf2 37. Qf8+ Kg6 38. Qg8+ Kf5 39. Qxe6+ 1-0

[Event "4NCL-9899B NID-GD"]
[Site "Rd6-Birmingham"]
[Date "1999.01.24"]
[Round "6.4"]
[White "Powell, J Lloyd"]
[Black "Fokkink, Won"]
[Result "1-0"]
[WhiteElo "2152"]
[BlackElo "2110"]
[PlyCount "59"]
[EventDate "1999.01.24"]

1. d4 d5 2. c4 e6 3. Nf3 c6 4. g3 Nf6 5. Bg2 Be7 6. O-O O-O 7. Nc3 Nbd7 8. Qc2
b6 9. e4 Bb7 10. e5 Ne8 11. Re1 Rc8 12. h4 h6 13. Bf4 dxc4 14. Rad1 Nc7 15. Qd2
Nd5 16. Bxh6 gxh6 17. Qxh6 Nxc3 18. bxc3 c5 19. Ng5 Bxg5 20. hxg5 Qc7 21. g6
fxg6 22. Qxg6+ Kh8 23. Bxb7 Qxb7 24. Re4 Nf6 25. exf6 Rf7 26. dxc5 Rh7 27. c6
Qxc6 28. f7 Qa4 29. Qf6+ Rg7 30. Rh4# 1-0

[Event "4NCL-9899B NID-GD"]
[Site "Rd6-Birmingham"]
[Date "1999.01.24"]
[Round "6.5"]
[White "Jones, Richard S"]
[Black "Saunders, W Nigel"]
[Result "1/2-1/2"]
[WhiteElo "2025"]
[BlackElo "2157"]
[PlyCount "52"]
[EventDate "1999.01.24"]

1. e4 e6 2. Nf3 b6 3. d3 Bb7 4. g3 d5 5. Nbd2 c5 6. Bg2 Nf6 7. exd5 Bxd5 8. O-O
Be7 9. Re1 O-O 10. Ne5 Bxg2 11. Kxg2 Qd5+ 12. Ndf3 Nbd7 13. Kg1 Rad8 14. Qe2
Nxe5 15. Nxe5 Nd7 16. Bf4 Bf6 17. Qe4 Nxe5 18. Bxe5 Bxe5 19. Qxe5 Qxe5 20. Rxe5
Rd7 21. Rae1 Rfd8 22. f4 g6 23. b3 Kg7 24. Kf2 Kf6 25. Kf3 Rd5 26. R1e4 h5
1/2-1/2

[Event "4NCL-9899B NID-GD"]
[Site "Rd6-Birmingham"]
[Date "1999.01.24"]
[Round "6.6"]
[White "Vaughan, David"]
[Black "Sinnett, Glyn"]
[Result "1/2-1/2"]
[WhiteElo "2065"]
[BlackElo "1865"]
[PlyCount "41"]
[EventDate "1999.01.24"]

1. Nf3 d5 2. d4 e6 3. c4 c6 4. e3 Nf6 5. Nc3 Bb4 6. Qc2 Ne4 7. Bd2 Nxd2 8. Nxd2
Nd7 9. a3 Be7 10. Bd3 Nf6 11. Nf3 b6 12. Ne5 Bb7 13. O-O O-O 14. cxd5 cxd5 15.
Rac1 Rc8 16. Qe2 Bd6 17. f4 Qe7 18. Qf3 Bb8 19. g4 g6 20. g5 Bxe5 21. fxe5
1/2-1/2

[Event "4NCL-9899B NID-GD"]
[Site "Rd6-Birmingham"]
[Date "1999.01.24"]
[Round "6.7"]
[White "Griffiths, Noel"]
[Black "Adams, Mark"]
[Result "1/2-1/2"]
[WhiteElo "1850"]
[BlackElo "2035"]
[PlyCount "32"]
[EventDate "1999.01.24"]

1. d4 d5 2. Nf3 Nf6 3. Bg5 Nbd7 4. Nbd2 g6 5. e3 Bg7 6. Bd3 O-O 7. O-O c6 8. c3
Re8 9. e4 dxe4 10. Nxe4 Nxe4 11. Bxe4 Nf6 12. Bd3 Bg4 13. h3 Bxf3 14. Qxf3 Qd5
15. Qxd5 Nxd5 16. Rfe1 e6 1/2-1/2

[Event "4NCL-9899B NID-GD"]
[Site "Rd6-Birmingham"]
[Date "1999.01.24"]
[Round "6.8"]
[White "Fletcher, John"]
[Black "Powell, Annie"]
[Result "1-0"]
[WhiteElo "2100"]
[BlackElo "1730"]
[PlyCount "71"]
[EventDate "1999.01.24"]

1. d4 Nf6 2. Nc3 d5 3. e4 Nxe4 4. Nxe4 dxe4 5. Bc4 Bf5 6. c3 Bg6 7. h4 e3 8.
Bxe3 Be4 9. Nf3 e6 10. Rh3 Nc6 11. Qe2 Bxf3 12. Qxf3 Be7 13. Rg3 Bf6 14. Bg5
Bxg5 15. Rxg5 g6 16. d5 exd5 17. Bxd5 Qe7+ 18. Kf1 O-O 19. Re1 Qd6 20. h5 Kg7
21. Bxc6 bxc6 22. Qe3 Qh2 23. Qe5+ Qxe5 24. Rgxe5 Rab8 25. b3 Rbd8 26. Re7 Rd2
27. hxg6 hxg6 28. Rxc7 Rxa2 29. Ree7 Ra1+ 30. Ke2 Ra2+ 31. Ke3 Rc2 32. Rxc6 Rd8
33. Rcc7 Rdd2 34. Rxf7+ Kh6 35. f4 Rxg2 36. Rh7# 1-0

[Event "4NCL-9899B WR-WG2"]
[Site "Rd6-Birmingham"]
[Date "1999.01.24"]
[Round "6.1"]
[White "Dunnington, Angus"]
[Black "Poulton, James"]
[Result "1/2-1/2"]
[WhiteElo "2353"]
[BlackElo "2370"]
[PlyCount "27"]
[EventDate "1999.01.24"]

1. Nf3 Nf6 2. g3 g6 3. b3 Bg7 4. Bb2 O-O 5. Bg2 c5 6. c4 Nc6 7. O-O d6 8. d4
cxd4 9. Nxd4 Bd7 10. Nc3 Qa5 11. e3 Rac8 12. Nde2 a6 13. Nf4 Rfe8 14. a3
1/2-1/2

[Event "4NCL-9899B WR-WG2"]
[Site "Rd6-Birmingham"]
[Date "1999.01.24"]
[Round "6.2"]
[White "Tiller, Bjorn"]
[Black "Dearing, Eddie"]
[Result "1-0"]
[WhiteElo "2380"]
[BlackElo "2281"]
[PlyCount "65"]
[EventDate "1999.01.24"]

1. e4 e6 2. d3 d5 3. Nd2 Nf6 4. f4 Be7 5. Ngf3 O-O 6. g3 c5 7. Bg2 Nc6 8. O-O
Qc7 9. e5 Nd7 10. Re1 b5 11. Nf1 a5 12. g4 b4 13. Ng3 a4 14. g5 Nb6 15. h4 a3
16. b3 Bd7 17. Bh3 Rfe8 18. h5 Rac8 19. Be3 Na7 20. f5 exf5 21. Bxf5 Bf8 22. g6
Bxf5 23. Nxf5 fxg6 24. hxg6 hxg6 25. N5h4 Re6 26. Ng5 Rxe5 {(Draw offer)} 27.
Qf3 Qe7 28. Qg3 Rc6 29. Bf4 Rxe1+ 30. Rxe1 Qd7 31. Nhf3 Be7 32. Qh4 Bxg5 33.
Nxg5 1-0

[Event "4NCL-9899B WR-WG2"]
[Site "Rd6-Birmingham"]
[Date "1999.01.24"]
[Round "6.3"]
[White "Potts, Alan"]
[Black "Lee, Graham"]
[Result "0-1"]
[WhiteElo "2270"]
[BlackElo "2319"]
[PlyCount "78"]
[EventDate "1999.01.24"]

1. e4 c6 2. c4 d5 3. cxd5 cxd5 4. exd5 Nf6 5. Nc3 Nxd5 6. d4 Nc6 7. Nf3 Bg4 8.
Qb3 Nb6 9. Be3 Bxf3 10. gxf3 e6 11. Rd1 Qc7 12. h4 Be7 13. Rg1 g6 14. Rg4 h5
15. Re4 O-O 16. Bf4 Qd7 17. d5 Nxd5 18. Nxd5 exd5 19. Rxd5 Qc8 20. Rb5 Bf6 21.
Bh6 Nd4 22. Rxd4 Bxd4 23. Bc4 Bg7 24. Bxg7 Kxg7 25. Rxb7 Qf5 26. Qc3+ Kg8 27.
Kf1 Qh3+ 28. Kg1 Qxh4 29. Bb3 Qg5+ 30. Kh2 a6 31. Qc7 Qf5 32. Bc2 Qxf3 33. Bxg6
Qxf2+ 34. Kh3 Rae8 35. Bxh5 Qf5+ 36. Bg4 Re3+ 37. Kh4 Qf6+ 38. Kh5 Re5+ 39. Bf5
Rxf5+ 0-1

[Event "4NCL-9899B WR-WG2"]
[Site "Rd6-Birmingham"]
[Date "1999.01.24"]
[Round "6.4"]
[White "Norris, Alan"]
[Black "Gayson, Peter"]
[Result "1-0"]
[WhiteElo "2332"]
[BlackElo "2250"]
[PlyCount "93"]
[EventDate "1999.01.24"]

1. d4 f5 2. Nc3 d5 3. e4 dxe4 4. Bf4 Nf6 5. f3 e3 6. Qd3 e6 7. O-O-O Bd6 8. Nh3
O-O 9. Qxe3 Nd5 10. Nxd5 exd5 11. Bd3 Nc6 12. c3 Rb8 13. Rhe1 b5 14. Kb1 a5 15.
Re2 Qf6 16. Bxd6 Qxd6 17. Qf4 Qf6 18. Qg5 Qxg5 19. Nxg5 b4 20. Kc2 a4 21. Rde1
a3 22. b3 bxc3 23. Kxc3 Nb4 24. Bb1 c5 25. Re8 cxd4+ 26. Kxd4 h6 27. Rxf8+ Kxf8
28. Ne6+ Bxe6 29. Rxe6 Kf7 30. Re2 Kf6 31. Kc5 g6 32. f4 g5 33. g3 gxf4 34.
gxf4 Na6+ 35. Kxd5 Rd8+ 36. Kc4 Rd1 37. Bd3 Rc1+ 38. Rc2 Rxc2+ 39. Bxc2 Nc7 40.
b4 Ne6 41. b5 Ke7 42. Bxf5 Nxf4 43. Kc5 Kd8 44. b6 Ne2 45. Kd6 Nd4 46. Bd7 h5
47. b7 1-0

[Event "4NCL-9899B WR-WG2"]
[Site "Rd6-Birmingham"]
[Date "1999.01.24"]
[Round "6.5"]
[White "Burnett, James"]
[Black "Tan, Desmond"]
[Result "0-1"]
[WhiteElo "2225"]
[BlackElo "2165"]
[PlyCount "72"]
[EventDate "1999.01.24"]

1. Nf3 c5 2. g3 Nc6 3. Bg2 g6 4. O-O Bg7 5. c4 d6 6. Nc3 e5 7. d3 Nge7 8. Rb1
O-O 9. a3 a5 10. Bd2 h6 11. Nd5 Nxd5 12. cxd5 Ne7 13. e4 f5 14. b4 axb4 15.
axb4 cxb4 16. Bxb4 g5 17. Nd2 g4 18. Qc2 b5 19. Ra1 Ba6 20. Rfc1 Ra7 21. Nb3 h5
22. Na5 Bh6 23. Bd2 f4 24. Nc6 Nxc6 25. dxc6 Qb6 26. gxf4 exf4 27. Qa2+ Kh7 28.
e5 g3 29. Be4+ Kh8 30. Ba5 gxf2+ 31. Qxf2 Rg7+ 32. Kf1 Qe3 33. exd6 b4 34. Re1
Bxd3+ 35. Bxd3 Qxd3+ 36. Re2 f3 0-1

[Event "4NCL-9899B WR-WG2"]
[Site "Rd6-Birmingham"]
[Date "1999.01.24"]
[Round "6.6"]
[White "Wastney, Scott"]
[Black "White, Mark"]
[Result "1-0"]
[WhiteElo "2155"]
[BlackElo "2167"]
[PlyCount "87"]
[EventDate "1999.01.24"]

1. Nf3 Nf6 2. c4 c5 3. Nc3 g6 4. g3 Bg7 5. Bg2 O-O 6. O-O Nc6 7. d4 d6 8. dxc5
dxc5 9. Bf4 Be6 10. Ne5 Nxe5 11. Bxe5 Qxd1 12. Rfxd1 Bxc4 13. Bxb7 Rad8 14. b3
Be6 15. Ba6 Bc8 16. Bxc8 Rxc8 17. Nb5 a6 18. Na7 Ra8 19. Nc6 Rfe8 20. Rac1 Ne4
21. Bxg7 Kxg7 22. f3 Rac8 23. Na5 Nd6 24. Rd5 Red8 25. Rdxc5 Rxc5 26. Rxc5 Nf5
27. Nc4 Rd1+ 28. Kf2 Rh1 29. Kg2 Re1 30. Re5 f6 31. Re4 Kf7 32. g4 Nh4+ 33. Kf2
Rh1 34. Ne3 Ra1 35. Ra4 g5 36. Rxa6 Ng6 37. Nd5 Rh1 38. b4 Rxh2+ 39. Ke1 Rh1+
40. Kd2 Ne5 41. b5 Nc4+ 42. Kc2 Re1 43. b6 Nd6 44. Nc3 1-0

[Event "4NCL-9899B WR-WG2"]
[Site "Rd6-Birmingham"]
[Date "1999.01.24"]
[Round "6.7"]
[White "Forbes, Cathy"]
[Black "Henderson, John"]
[Result "1/2-1/2"]
[WhiteElo "2104"]
[BlackElo "2170"]
[PlyCount "40"]
[EventDate "1999.01.24"]

1. d4 d6 2. Nf3 Bg4 3. Nbd2 Nf6 4. g3 e6 5. Bg2 Be7 6. c4 Nbd7 7. O-O O-O 8. h3
Bh5 9. g4 Bg6 10. Nh4 c6 11. Nxg6 hxg6 12. g5 Ne8 13. Nf3 d5 14. Qb3 Rb8 15.
Bf4 Bd6 16. Ne5 Qc7 17. Nxd7 Qxd7 18. Bxd6 Nxd6 19. cxd5 cxd5 20. Rac1 Rfc8
1/2-1/2

[Event "4NCL-9899B WR-WG2"]
[Site "Rd6-Birmingham"]
[Date "1999.01.24"]
[Round "6.8"]
[White "Lazhevskaya, Zhanna"]
[Black "Jones, Gawain"]
[Result "1/2-1/2"]
[WhiteElo "2046"]
[BlackElo "1856"]
[PlyCount "128"]
[EventDate "1999.01.24"]

1. e4 c5 2. Nf3 d6 3. Nc3 Nd7 4. Bc4 Ngf6 5. d4 cxd4 6. Qxd4 e5 7. Qd1 h6 8.
O-O Nc5 9. b4 Be6 10. Bxe6 Nxe6 11. Re1 Be7 12. Nd5 Nxd5 13. Qxd5 Qc7 14. Be3
g5 15. Nd2 Qd7 16. Rad1 Rg8 17. Nc4 Rd8 18. Bxa7 Nf4 19. Qd2 b5 20. Bb6 bxc4
21. Bxd8 Kxd8 22. b5 c3 23. Qxc3 Qg4 24. Qf3 Qxf3 25. gxf3 g4 26. fxg4 Rxg4+
27. Kh1 Nh3 28. Rf1 Rxe4 29. b6 Kc8 30. Rd3 Nf4 31. Rc3+ Kb8 32. Rb1 Nd5 33.
Ra3 Rc4 34. Ra5 Nc3 35. Rb3 Bd8 36. Ra7 Nd5 37. Rd7 Bh4 38. Rxf7 Rxc2 39. b7
Be7 40. Rh7 Bf8 41. Ra3 Nc7 42. Rf7 Kxb7 43. Rxf8 Nd5 44. Kg2 Kc7 45. Rf7+ Kc6
46. Rh7 h5 47. Kf3 Nf4 48. Rh8 Kd5 49. Ra5+ Ke6 50. Ra3 d5 51. Kg3 d4 52. Ra6+
Kf5 53. Ra3 h4+ 54. Rxh4 Rc3+ 55. Rxc3 dxc3 56. Rh8 c2 57. Rc8 c1=Q 58. Rxc1
Ne2+ 59. Kf3 Nxc1 60. a4 Nb3 61. h4 Nd4+ 62. Ke3 Nc6 63. h5 Kg5 64. Ke4 Kxh5
1/2-1/2